LEADER 00938nam0-22003251i-450- 001 990003979070403321 005 20090803111703.0 010 $a88-7192-093-7 035 $a000397907 035 $aFED01000397907 035 $a(Aleph)000397907FED01 035 $a000397907 100 $a20031112d2000----km-y0itay50------ba 101 1 $aita 102 $aIT 105 $a----a---001yy 200 1 $aWindows NT/2000 API Nativa$eguida di riferimento per lo sviluppatore$fGary Nebbett$gMichael W.Barry, Thomas L. Nowatzki 210 $aMilano$cAddison Wesley Longman Italia$dc2000 215 $axxxii, 512 p.$d24 cm 610 0 $aSistemi operativi 610 0 $aMicrosoft Windows NT 676 $a005.44 700 1$aNebbett,$bGary$0150045 801 0$aIT$bUNINA$gRICA$2UNIMARC 901 $aBK 912 $a990003979070403321 952 $a005.44-NEB-1$b2147$fSC1 959 $aSC1 996 $aWindows NT$9473830 997 $aUNINA LEADER 01885oam 2200469Ia 450 001 9910696736103321 005 20080715112856.0 035 $a(CKB)5470000002381512 035 $a(OCoLC)213443063 035 $a(EXLCZ)995470000002381512 100 $a20080318d2007 ua 0 101 0 $aeng 135 $aurmn||||||||| 181 $ctxt$2rdacontent 182 $cc$2rdamedia 183 $acr$2rdacarrier 200 10$aVulnerability of National Park Service beaches to inundation during a direct hurricane landfall$b[electronic resource] $eCumberland Island National Seashore /$fHilary F. Stockdon and David M. Thompson and Laura A. Fauver 210 1$aReston, Va. :$cU.S. Geological Survey,$d[2007] 215 $a8 pages $cdigital, PDF file 225 1 $aOpen-file report ;$v2007-1387 300 $aTitle from PDF title screen (viewed on Mar. 18, 2008). 300 $a"October 2007." 320 $aIncludes bibliographical references. 517 $aVulnerability of National Park Service beaches to inundation during a direct hurricane landfall 606 $aStorm surges$zGeorgia$zCumberland Island National Seashore 606 $aHurricanes$zGeorgia$zCumberland Island National Seashore 606 $aHazardous geographic environments$zGeorgia$zCumberland Island National Seashore 607 $aCumberland Island National Seashore (Ga.) 615 0$aStorm surges 615 0$aHurricanes 615 0$aHazardous geographic environments 700 $aStockdon$b Hilary F$01414966 701 $aThompson$b David M$0710054 701 $aFauver$b Laura A$01416019 712 02$aGeological Survey (U.S.) 801 0$bGIS 801 1$bGIS 801 2$bGPO 906 $aBOOK 912 $a9910696736103321 996 $aVulnerability of National Park Service beaches to inundation during a direct hurricane landfall$93519821 997 $aUNINA